Largest European Cities by Decade (1100-1190) - Statistics

General Stats
  • This quiz has been taken 37 times
  • The average score is 52 of 70
Answer Stats
Year Rank Population Answer % Correct
1100 1. 200,000 Constantinople
97%
1110 1. 206,000 Constantinople
97%
1120 1. 212,000 Constantinople
97%
1130 1. 219,000 Constantinople
97%
1140 1. 225,000 Constantinople
97%
1150 1. 232,000 Constantinople
97%
1160 1. 238,000 Constantinople
97%
1170 1. 245,000 Constantinople
97%
1180 1. 247,000 Constantinople
97%
1190 1. 196,000 Constantinople
97%
7. 37,000 Paris
97%
7. 38,000 Paris
97%
7. 40,000 Paris
97%
6. 42,000 Paris
97%
7. 30,000 Rome
89%
7. 36,000 Milan
86%
5. 39,000 Milan
86%
4. 42,000 Milan
86%
4. 46,000 Milan
86%
4. 49,000 Milan
86%
4. 52,000 Milan
86%
7. 35,000 Venice
86%
6. 35,000 Venice
86%
7. 37,000 Venice
86%
6. 39,000 Venice
86%
6. 40,000 Venice
86%
6. 41,000 Venice
86%
6. 43,000 Venice
86%
6. 44,000 Venice
86%
5. 45,000 Venice
86%
3. 75,000 Seville
83%
3. 76,000 Seville
83%
2. 76,000 Seville
83%
2. 77,000 Seville
83%
2. 77,000 Seville
83%
2. 77,000 Seville
83%
2. 78,000 Seville
83%
2. 78,000 Seville
83%
2. 79,000 Seville
83%
2. 79,000 Seville
83%
2. 80,000 Córdoba
74%
2. 78,000 Córdoba
74%
3. 76,000 Córdoba
74%
3. 74,000 Córdoba
74%
3. 72,000 Córdoba
74%
3. 70,000 Córdoba
74%
3. 68,000 Córdoba
74%
3. 66,000 Córdoba
74%
3. 64,000 Córdoba
74%
3. 62,000 Córdoba
74%
4. 42,000 Palermo
57%
4. 41,000 Palermo
57%
4. 40,000 Palermo
57%
4. 39,000 Palermo
57%
5. 38,000 Palermo
57%
7. 36,000 Palermo
57%
6. 35,000 Toledo
49%
6. 35,000 Toledo
49%
7. 36,000 Toledo
49%
6. 35,000 Toledo
49%
5. 35,000 Salonica
43%
5. 36,000 Salonica
43%
5. 37,000 Salonica
43%
5. 38,000 Salonica
43%
4. 39,000 Salonica
43%
4. 40,000 Salonica
43%
5. 41,000 Salonica
43%
5. 42,000 Salonica
43%
5. 44,000 Salonica
43%
7. 38,000 Léon
11%
No matching quizzes found
Score Distribution
Percent of People with Each Score
Percentile by Number Answered
Your Score History
You have not taken this quiz